Latinská Amerika sa otvára všetkými smermi
Latinská Amerika prehodnocuje svoje politické a hospodárske záujmy. Venezuelské rozvojové plány. Snaha rozšíriť exportné trhy ropy o Čínu, Indiu, Francúzsko a Kubu (tŕň v oku USA). Koncept ALBA - transamerická hospodárska spolupráca. Ciele projektu ALBA. Globalizácia predbieha regionalizáciu. Zbližo...
Uložené v:
| Hlavný autor: | |
|---|---|
| Médium: | Kapitola |
| Jazyk: | Slovak |
| Predmet: | |
| Tagy: |
Žiadne tagy, Buďte prvý, kto otaguje tento záznam!
|
MARC
| LEADER | 00000naa$a2200000$$$4500 | ||
|---|---|---|---|
| 001 | 0032725 | ||
| 005 | 20231009081544.5 | ||
| 041 | 0 | |a slo | |
| 044 | |a SK | ||
| 245 | 1 | 0 | |a Latinská Amerika sa otvára všetkými smermi |c Adrian Peter Pressburg |
| 520 | |a Latinská Amerika prehodnocuje svoje politické a hospodárske záujmy. Venezuelské rozvojové plány. Snaha rozšíriť exportné trhy ropy o Čínu, Indiu, Francúzsko a Kubu (tŕň v oku USA). Koncept ALBA - transamerická hospodárska spolupráca. Ciele projektu ALBA. Globalizácia predbieha regionalizáciu. Zbližovanie Južnej Ameriky so Španielskom. | ||
| 610 | 2 | 0 | |a rozvoj hospodársky |
| 610 | 2 | 0 | |a záujmy ekonomické |
| 610 | 2 | 0 | |a politika |
| 610 | 2 | 0 | |a obchod zahraničný |
| 610 | 2 | 0 | |a ropa |
| 610 | 2 | 0 | |a vývoz |
| 610 | 2 | 0 | |a spolupráca hospodárska medzinárodná |
| 610 | 2 | 0 | |a globalizácia |
| 610 | 2 | 0 | |a Venezuela |
| 610 | 2 | 0 | |a Latinská Amerika |
| 100 | 1 | |a Pressburg, Adrian Peter | |